1235 1415 1968 1811 1165 1101 1042 1873 1333 1494 1650 1642 1511 1049 1830 1307 1050 1363 1359 1664 1286 1519 1600 1486 1490 1627 1127 1010 1964 1018 1350 1859 1048 1418 1396 1934 1847 1011 1844 1379 1477 1474 1274 1243 1545 1031 1588 1294 1112 1044 1793 1191 1430 1085 1701 1608 1470 1782 1567 1983 1286 1006 1905 1510 1012 1526 1531 1445 1922 1235 1996 1800 1926 1211 1606 1605 1208 1765 1912 1130 1829 1730 1374 1321 1706 1918 1400 1168 1299 1819 1574 1797 1034 1896 1837 1870 1683 1024 1774 BCNSPRNW ULIB Ver.6.0+V

เปลี่ยนเป็นภาษาไทย

Change to English
 แสดงรายละเอียดบรรณานุกรม
  กลับหน้าหลัก

Brief Record : Get Marc (ISO 2709) : E-mail record : QR code < ปิดหน้าต่าง
LEADER : 00000nam 2200000uu 4500
001    13399120188
003     ULIB
008    120911s2551||||th 000 0 tha d
020    ^a9789741643875
090    ^aนว.^bจ785พ 2551
100 0  ^aเจี๋ยเกิ่ง
245 00 ^aหน้ากากลวง/^cเจี๋ยเกิ่ง
250    ^aพิมพ์ครั้งที่ 1
260    ^aกรุงเทพฯ :^bแจ่มใส,^c2551
300    ^a219 หน้า
700 0  ^aพวงหยก ;^eแปล
710 1  ^aแจ่มใส
945    ^p159^l0^i15327
995    ^aวิภา
999    ^aใช้งานได้ทุกระบบ
รายการนี้ยังไม่มีแท็ก
คุณยังไม่ได้ล็อกอิน คุณสามารถมีกิจกรรมร่วมกับเว็บไซต์ได้ แต่ต้องล็อกอินก่อน ::
  ล็อกอิน

รายการสื่อสารสนเทศ

ลำดับที่ ประเภท เลขเรียก/บาร์โค้ด สถานที่ สถานะ
1. วิทยาศาสตร์การแพทย์ และสุขภาพ
วิทยาศาสตร์การแพทย์ และสุขภาพ
นว. จ785พ 2551  
  Barcode: 15327
ห้องสมุดวิทยาเขตสวรรค์ประชารักษ์
►นวนิยาย
บนชั้น
  ขอยืม

BibComment


ยังไม่เคยถูกคอมเมนท์

คอมเมนท์ทรัพยากรรายการนี้
  คอมเมนท์: หน้ากากลวง เจี๋ย..


 Copyright 2026. Bcnsprnw @Library